000 00284nam a2200109Ia 4500
008 200302s9999 xx 000 0 und d
100 _aKarl E. Case & Other
245 _aPriciples of Economics 6th ed.
260 _bPrentice Hall International Ltd.
260 _c2001
300 _a741 P.,
999 _c1341
_d1341